The European archaeologist. 1-21A, 1993-2004 /
This volume gathers together the first 10 years of 'The European Archaeologist', from Winter 1993 through to the 10th Anniversary Conference Issue, published in 2004 for the Lyon Annual Meeting.
مؤلف مشترك:
مؤلفون آخرون: , ,
التنسيق: كتاب الكتروني
اللغة: English
منشور في:
Oxford :
Archaeopress,
[2014]
الموضوعات:
الوصول للمادة أونلاين: Login to view Source
الوسوم: إضافة وسم
رقم الطلب: CC101
| LEADER | 01829nam a2200433 i 4500 | ||
|---|---|---|---|
| 001 | EDZ0001356043 | ||
| 003 | StDuBDS | ||
| 005 | 20230412181432.0 | ||
| 006 | m|||||o||d|||||||| | ||
| 007 | cr ||||||||||| | ||
| 008 | 160315t20142014enka fo 000|0|eng|d | ||
| 020 | |a 9781784910136 (PDF ebook) : |c £30.00 | ||
| 040 | |a StDuBDS |b eng |c StDuBDS |e rda |e pn | ||
| 050 | 4 | |a CC101 | |
| 082 | 0 | 4 | |a 930.1 |2 23 |
| 245 | 0 | 4 | |a The European archaeologist. |n 1-21A, |p 1993-2004 / |c edited by Henry Cleere, Karen Waugh & Ross Samson. |
| 264 | 1 | |a Oxford : |b Archaeopress, |c [2014] | |
| 264 | 4 | |c ©2014 | |
| 300 | |a 1 online resource : |b illustrations (black and white) | ||
| 336 | |a text |2 rdacontent | ||
| 336 | |a still image |2 rdacontent | ||
| 337 | |a computer |2 rdamedia | ||
| 338 | |a online resource |2 rdacarrier | ||
| 520 | 8 | |a This volume gathers together the first 10 years of 'The European Archaeologist', from Winter 1993 through to the 10th Anniversary Conference Issue, published in 2004 for the Lyon Annual Meeting. | |
| 521 | |a Specialized. | ||
| 588 | |a Description based on online resource; title from home page (viewed on March 15, 2016). | ||
| 650 | 0 | |a Archaeology |v Periodicals. | |
| 650 | 0 | |a Archaeology |z Europe |v Periodicals. | |
| 650 | 0 | |a Excavations (Archaeology) |z Europe |v Periodicals. | |
| 651 | 0 | |a Europe |x Antiquities |v Periodicals. | |
| 700 | 1 | |a Cleere, Henry, |e editor. | |
| 700 | 1 | |a Waugh, Karen, |e editor. | |
| 700 | 1 | |a Samson, Ross, |e editor. | |
| 710 | 2 | |a European Association of Archaeologists, |e associated with work. | |
| 776 | 0 | 8 | |i Print version : |z 9781784910129 |
| 856 | 4 | 0 | |3 Archaeopress |u http://library.arce.org:8087/Archaeopress/Products/9781784910129 |
| 942 | |2 lcc |c EBOOK | ||
| 952 | |0 0 |1 0 |4 0 |6 CC0101 |7 1 |9 46000 |a ARCH |b ARCH |d 2023-04-12 |l 0 |o CC101 |r 2023-04-12 00:00:00 |w 2023-04-12 |y EBOOK | ||
| 999 | |c 51658 |d 51658 | ||
